000 00445nam a2200217Ia 4500
003 IT-RoPAU
008 120407s9999 xx 000 0 und d
040 _aIT-RoPAU
040 _cIT-RoPAU
041 _aita
100 _aFrancesco Carnelutti
245 _aChiose al Vangelo di Matteo
250 _aRoma
260 _aAteneo
260 _c1949
300 _a367 p.
300 _c18 cm
490 _v1
942 _cBK
999 _c33509
_d33509